000 00642nam a22002177a 4500
005 20260515115028.0
008 240828b |||||||| |||| 00| 0 eng d
020 _a9789358495584
040 _aIN-DiNC
_cIN-DiNC
041 _dasm
082 _a370
_bDEK
100 _aDeka, Nabanita
_eauthor
245 _aSikshar samajtattwik vitti/
_cby Nabanita Deka, Dibakar Dutta and Rima Rekha Buragohain
250 _a1st ed.
260 _aDibrugarh:
_bBanalata,
_c2024.
300 _a343p.
650 _aSociological foundations of education
700 _aDutta, Dibakar
_eauthor
700 _aBuragohain, Rima Rekha
_eauthor
942 _2ddc
_cBK
999 _c11868
_d11868